Leading Change How Successful Leaders Approach Change Management

Saved in:
Bibliographic Details
Main Author: Lawrence, Paul
Format: Book
Language:English
Published: London Kogan Page 2015
Edition:1st Edition
Subjects:
Tags: Add Tag
No Tags, Be the first to tag this record!

MARC

LEADER 00000nam a2200000 4500
001 0279507
005 20240416113822.2
020 |a 978-0-7494-7168-2 
020 |a 978-0-7494-7169-9 
041 0 |a eng 
044 |a GB 
245 1 0 |a Leading Change  |b How Successful Leaders Approach Change Management  |c Paul Lawrence 
250 |a 1st Edition 
264 1 |a London  |b Kogan Page  |c 2015 
300 |a 222 s. 
610 2 0 |a vodcovstvo 
610 2 0 |a lídri 
610 2 0 |a riadenie zmien 
610 2 0 |a riadenie podnikové 
610 2 0 |a zmeny organizačné 
610 2 0 |a správanie organizačné 
100 1 |a Lawrence, Paul